| 000 | 00000nam 2200000zi 4500 |
| 001 | 9.946015 |
| 003 | CaOODSP |
| 005 | 20251210150910 |
| 006 | m o d f |
| 007 | cr mn||||||||| |
| 008 | 241210e202412##onca ob f000 0 eng d |
| 040 | |aCaOODSP|beng|erda|cCaOODSP |
| 043 | |an-cn--- |
| 086 | 1 |aYC32-0/441-8E-PDF |
| 110 | 1 |aCanada. |bParliament. |bSenate. |bStanding Committee on Human Rights, |eauthor, |eissuing body. |
| 245 | 10|aRipped from home : |bthe global crisis of forced displacement : report of the Standing Senate Committee on Human Rights / |cthe Honourable Salma Ataullahjan, chair ; the Honourable Wanda Thomas Bernard, deputy chair. |
| 246 | 17|aRipped from home : |bthe global crisis of forced displacement |
| 264 | 1|aOttawa, Ontario, Canada : |bSenate, Canada = Senat, Canada, |cDecember 2024. |
| 300 | |a1 online resource (65 pages) : |bcolour illustrations. |
| 336 | |atext|btxt|2rdacontent |
| 337 | |acomputer|bc|2rdamedia |
| 338 | |aonline resource|bcr|2rdacarrier |
| 490 | 1 |aReport of the Standing Senate Committee on Human Rights ; |v[8th report, 44th Parliament, 1st Session] |
| 500 | |aIssued also in French under title: Arrachés de leurs foyers : la crise mondiale des déplacements forcés : rapport du Comité sénatorial permanent des droits de la personne. |
| 500 | |aTitle from cover. |
| 504 | |aIncludes bibliographical references. |
| 650 | 0|aForced migration|xGovernment policy|zCanada. |
| 650 | 0|aRefugees|xGovernment policy|zCanada. |
| 650 | 0|aRefugees|xProtection|xInternational cooperation. |
| 650 | 0|aRefugees|xCivil rights. |
| 650 | 0|aHumanitarian assistance, Canadian. |
| 700 | 1 |aAtaullahjan, Salma. |
| 775 | 08|tArrachés de leurs foyers : |w(CaOODSP)9.946017 |
| 830 | #0|aReport of the Standing Senate Committee on Human Rights ;|v8th report, 44th Parliament, 1st Session.|w(CaOODSP)9.505251 |
| 856 | 40|qPDF|s1.34 MB|uhttps://publications.gc.ca/collections/collection_2024/sen/yc32-0/YC32-0-441-8-eng.pdf |